Culture Générale #6 - Statistiques

Statistiques générales
  • Ce quiz a été pris 151 fois
    82 depuis la dernière actualisation
  • Le résultat moyen est 10 sur 15
Statistiques - réponses
Question Réponse % Correct
Qu'est-ce que la testostérone ? Hormone
100%
La lutte des classes est un concept central dans les théories de : Karl Marx
100%
Où peut-on trouver le tympan ? Oreille
100%
Quel a été le premier pays à avoir légalisé le mariage homosexuel ? Pays-Bas
100%
Quels nomades vivent dans le déserts du Moyen-Orient et de l'Afrique du Nord ? Bédouins
80%
Quelle est la religion principale de l'Iran ? Chiisme
80%
Salvador Allende était président du : Chili
80%
Quel appareil permet aux médecins de visualiser l'intérieur d'un organes ? Endoscope
80%
Lequel de ces muscles est le plus puissant ? Quadriceps
80%
Quelle est la substance la plus dure dans le corps humain ? Émail dentaire
60%
Quelle drogue de substitution est administrée aux héroïnomanes pour les aider à se désintoxiquer ? Méthadone
60%
Quel est le symbole chimique du sodium ? Na
60%
De quelle couleur est l'urine d'une personne atteinte de rhabdomyolyse en raison de la présence de myoglobine ? Brun
20%
Quelle plante ne produit pas de graines ? Fougère
20%
Lesquels de ces animaux ont été les premiers à développer un réseau nerveux diffus ? Méduces
20%
Aucun quiz correspondant
Distribution des résultats
% des personnes avec chaque résultat
Percentile par nombre de réponses
Votre historique - résultats
Vous n’avez pas pris ce quiz depuis la dernière actualisation